Forecasting Principles and Applications: (Record no. 1033)
[ view plain ]
| 000 -LEADER | |
|---|---|
| fixed length control field | 01301nam a2200157 4500 |
| 020 ## - INTERNATIONAL STANDARD BOOK NUMBER | |
| ISBN | 0256134332 |
| 050 ## - CALL NUMBER | |
| Classification number | H61.4 |
| Item number | .D37 |
| 100 ## - AUTHOR | |
| Personal name | Delurgio, Stephen A. |
| 245 ## - TITLE | |
| Title | Forecasting Principles and Applications: |
| Statement of responsibility, etc | Delurgio, Stephen A. |
| 260 ## - PUBLICATION INFORMATION | |
| Place of publication | U.S.A,; |
| Name of publisher | McGraw-Hill, |
| Year of publication | 1998. |
| 300 ## - DESCRIPTION | |
| Number of Pages | xxviii, 802 p.: |
| Other physical details | ill, |
| Dimensions | 26 cm. |
| 500 ## - NOTES | |
| General note | Includes index. |
| 505 ## - FORMATTED CONTENTS NOTE | |
| Table of Content | Chapter 1. Planning and forecasting<br/>Chapter 2. Statistical fundamentals<br/>Chapter 3. Simple Linear regression analysis<br/>Chapter 4. Simple smoothing methods<br/>Chapter 5. Decomposition methods and seasonal indexes<br/>Chapter 6. Trends-Seasonal and Holt-winters smoothing<br/>Chapter 7. Univariate ARIMA models: Introduction<br/>Chapter 8. ARIMA applications<br/>Chapter 9. ARIMA forecast intervals<br/>Chapter 10. Multiple regression of time series<br/>Chapter 11. Economic methods<br/>Chapter 12. ARIMA intervention analysis<br/>Chapter 13. Multivariate transfer function<br/>Chapter 14. Cytical forecasting method<br/>Chapter 15. Technological and quantitative forecasting methods: Long-Term forecasting<br/>Chapter 16. Artificial neural networks, expert systems and genetic algoriths<br/>Chapter 17. Control, validation and combining methods<br/>Chapter 18. Method characteristics, accuracy and data source |
| 650 ## - SUBJECTS | |
| Topical Term | Forecasting- Mathematical models. |
| 942 ## - ADDED ENTRY ELEMENTS (KOHA) | |
| Koha item type | Books |
| Withdrawn status | Lost status | Home library | Current library | Shelving location | Date acquired | Full call number | Accession Number | Koha item type |
|---|---|---|---|---|---|---|---|---|
| Methodist University Library Tema | Methodist University Library Tema | General Stacks | 01/09/2015 | H61.4 .D37 | 1220 | Books | ||
| Methodist University Library Wenchi Faculty | Methodist University Library Wenchi Faculty | 19/10/2021 | H61.4 .D37 | 31740 | Books |